000 00406nam a2200145Ia 4500
005 20251222144857.0
008 251222s9999||||xx |||||||||||||| ||spa||
020 _a8431314427
082 _a616.3/E84
100 _aEsplugues, Juan Vicente
245 0 _aTerapéutica Farmacológica de las Enfermedades del Aparato Digestivo
250 _a1ra. ed.
264 _bUniversidad de Navarra, S.A.
942 _cLIB
999 _c21814
_d21814